El ABC Fiscal de los Sueldos y Salarios 2016

Bibliographic Details
Main Author: Martn̕ez Gutiřrez, Javier
Format: Book
Language:Portuguese
Published: Mx̌ico Javier Martn̕ez Gutiřrez 2016
Subjects:
Online Access:Acceso restringido

MARC

LEADER 00000nam a22000007a 4500
005 20160524103122.0
007 cr|||| ||u|
008 160524s2016 mx ||||| |||| 00||0 por d
020 |a 978-607-406-796-5 
035 |a 14257 
040 |a vLex  
090 |c 6130  |d 6130 
100 1 |a Martn̕ez Gutiřrez, Javier  
245 1 3 |a El ABC Fiscal de los Sueldos y Salarios 2016  |h [Recurso electrn̤ico] /  |c Javier Martn̕ez Gutiřrez  
256 |a Servicio en ln̕ea  
260 |a Mx̌ico   |b Javier Martn̕ez Gutiřrez   |c 2016 
300 |a 1 recurso electrn̤ico  
500 |a Esta obra le dar ̀respuesta a preguntas como cuǹdo debo considerar a un trabajador como tal, cm̤o debo pagar los salarios de manera semanal o quincenal, el pago de nm̤ina debe ser en efectivo, qu ̌puedo descontar a los trabajadores de su salario, aborda temas relacionados con la Ley Federal del Trabajo, la Ley del Impuesto Sobre la Renta, la Ley del Seguro Social, la Ley del Infonavit, la Resolucin̤ Miscelǹea Fiscal, la Compilacin̤ de Criterios Normativos del SAT, adems̀ de considerar sus reglamentos. 
506 1 |a Contenido solo disponible en los productos indicados  |d vLex Global  |d vLex Global (Academic Edition, excluding Law Schools)  |d vLex Global (U.S. Academic Edition, Law Schools)  |d vLex Global (U.S. Academic Edition, excluding Law Schools)  |d vLex Global (Academic Edition, Law Schools) 
650 0 4 |a Taxation  |z Mx̌ico 
740 0 |a vLex libros (servicio en ln̕ea)  
856 4 0 |u http://vlex.com/source/abc-fiscal-de-los-sueldos-y-salarios-2016-14257  |z Acceso restringido  
942 |c BOOK 
999 0 |a Derecho fiscal  |b Mexic